| 000 | 01074nam a2200301Ia 4500 | ||
|---|---|---|---|
| 005 | 20220316235237.0 | ||
| 008 | 121119s2002 mx a gr 000 fds | ||
| 020 | _a9681647289 | ||
| 041 | 1 | _aspa | |
| 100 | 1 | _aHorowitz, Anthony, | |
| 245 | 1 | 3 |
_aLa granja Groosham _cAnthony Horowitz ; ilustraciones de Francisco Nava Bouchaín ; traducción de Laura Sosa |
| 250 | _aQuinta reimpresión | ||
| 264 | 1 |
_aMéxico _bFondo de Cultura Económica _c2002 |
|
| 300 |
_a157 páginas _bilustraciones |
||
| 336 |
_atexto _btxt _2rdacontent |
||
| 337 |
_asin mediación _bn _2rdamedia |
||
| 338 |
_avolumen _bnc _2rdacarrier |
||
| 490 | 0 | _aA la orilla del viento. Para los que leen bien | |
| 504 | _aIncluye datos biográficos el autor | ||
| 650 | 1 | 4 |
_2LEMB _aLiteratura juvenil inglesa _ySiglo XX |
| 650 | 1 | 4 |
_aNovela juvenil inglesa _2LEMB _ySiglo XX |
| 650 | 1 | 4 |
_2LEMB _aFantasmas _vNovela |
| 700 | 1 |
_aNava Bouchain, Francisco _eilustrador _9116815 |
|
| 700 | 1 |
_aSosa, Laura _etraductor _9116816 |
|
| 942 |
_2loc _cBKLIT |
||
| 040 |
_aCO-BoRNBP _bspa _erda _cCO-BoRNBP |
||
| 084 | _aN HOR1 | ||
| 999 |
_c350 _d350 |
||